Surveying (Record no. 10442)

000 -LEADER
fixed length control field 00518nam a22002057a 4500
001 - CONTROL NUMBER
control field 10442
003 - CONTROL NUMBER IDENTIFIER
control field BD-DhUET
008 - FIXED-LENGTH DATA ELEMENTS--GENERAL INFORMATION
fixed length control field 150207b xxu||||| |||| 00| 0 eng d
040 ## - CATALOGING SOURCE
Original cataloging agency DLC
Transcribing agency DLC
Modifying agency BD-DhUET
082 ## - DEWEY DECIMAL CLASSIFICATION NUMBER
Classification number 526.9
Item number DAV/1953
100 ## - MAIN ENTRY--PERSONAL NAME
Personal name Davis, Raymond E.
245 ## - TITLE STATEMENT
Title Surveying
Remainder of title theory and Practice
250 ## - EDITION STATEMENT
Edition statement 4th ed.
260 ## - PUBLICATION, DISTRIBUTION, ETC. (IMPRINT)
Place of publication, distribution, etc. New York
Name of publisher, distributor, etc. McGraw Hill
Date of publication, distribution, etc. 1953
300 ## - PHYSICAL DESCRIPTION
Extent xxi, 1021 p.
Other physical details ill.
504 ## - BIBLIOGRAPHY, ETC. NOTE
Bibliography, etc Includes bibliographies
650 #0 - SUBJECT ADDED ENTRY--TOPICAL TERM
Topical term or geographic name as entry element Surveying
700 ## - ADDED ENTRY--PERSONAL NAME
Personal name Foote, Francis S.
942 ## - ADDED ENTRY ELEMENTS (KOHA)
Koha item type General Book
Holdings
Piece designation (barcode) Shelving location Koha full call number Koha normalized classification for sorting Withdrawn status Source of classification or shelving scheme Lost status Copy number Damaged status Price effective from Date acquired Koha date last seen Koha item type Sublocation or collection (holding branch) Location (home branch) Not for loan
4431Circulation section526.9/DAV/1953526_900000000000000_DAV_1953   1 2015-02-072015-02-072015-02-07General BookCentral Library, BUETCentral Library, BUET 
38217Circulation section526.9/DAV/1953526_900000000000000_DAV_1953   2 2015-03-282015-03-282015-03-28General BookCentral Library, BUETCentral Library, BUET 
479Circulation section526.9/DAV/1953526_900000000000000_DAV_1953   3 2015-03-282015-03-282015-03-28General BookCentral Library, BUETCentral Library, BUET 
2239Circulation section526.9/DAV/1953526_900000000000000_DAV_1953   4 2015-04-272015-04-272015-04-27General BookCentral Library, BUETCentral Library, BUET 
4430Reading section526.9/DAV/1953526_900000000000000_DAV_1953   5 2015-06-292015-06-292015-06-29General BookCentral Library, BUETCentral Library, BUET 
2237Reading section526.9/DAV/1953526_900000000000000_DAV_1953   6 2015-06-302015-06-302015-06-30General BookCentral Library, BUETCentral Library, BUET